000 00676nam a2200253Ia 4500
003 OSt
005 20221007100419.0
006 a|||||r|||| 00| 0
007 ta
008 221006b |||||||| |||| 00| 0 eng d
024 _a4,372
037 _cTextual
040 _aLCO
_cLCO
_beng
041 _2eng
_aeng
082 _aZ3,5, L6
100 _aBOTTOMS A E
_9136875
245 0 _aDefendants in the criminial process.
260 _aLondon
_bRoultedge & Kegan Paul
_c1976
300 _a265
650 _aCRIMINAL PROCESS
_9701635
700 _a McCLEAN J D
_9690744
942 _hZ3,5, L6
_cTEXL
999 _c1173935
_d1173935